Statistics for Countries Imran Khan has visited

Click here to take the quiz!

General Stats

  • This quiz has been taken 64 times
    (37 since last reset)
  • The average score is 9 of 16

Answer Stats

ContinentCountry% Correct
AsiaChina
100%
Asia/ EuropeRussia
93%
North AmericaUnited States of America
93%
Asia/ EuropeTurkey
82%
AsiaIran
79%
AsiaQatar
75%
AsiaSaudi Arabia
75%
AsiaUnited Arab Emirates
71%
AsiaAfghanistan
64%
AsiaUzbekistan
39%
AsiaSri Lanka
36%
AsiaBahrain
32%
AsiaTajikistan
32%
AsiaMalaysia
29%
AsiaKyrgyzstan
21%
EuropeSwitzerland
21%

Score Distribution

Percentile by Number Answered

Percent of People with Each Score

Your Score History

You have not taken this quiz since the last reset